000 00625nam a22001577a 4500
005 20260105155031.0
020 _a978-3-030-42260-8
082 _aNR:63:575.113 MAT
100 _aMATSUI, Minami, Ed.
_aCHOW, Keng-See, Ed.
245 _a<The> Rubber tree genome
260 _aSwitzerland AG
_bSpringer Nature
_c2020
300 _a175p.
490 _aCompendium of Plant Genomes, Edited by Chittaranjan Kole
650 _aReyan 7-33-97 rubber tree genome
_aRRIM 600 rubber tree genome
_aBPM 24 rubber tree genome
_aMolecular markers
_aRubber biosynthesis genomics
_aLatex physiology
_aHeveaDB
_aRubber tree genetics hub
942 _cBK
999 _c75772
_d75772